| 000 | 01263cam a22004333a 4500 | ||
|---|---|---|---|
| 001 | 12731269 | ||
| 003 | OSt | ||
| 005 | 20140410080745.0 | ||
| 008 | 010523s2000 nyua b 000 1 eng d | ||
| 010 | _a 2002567922 | ||
| 020 | _a0439204208 | ||
| 020 | _a0439314313 | ||
| 020 | _a0439204240 | ||
| 035 | _a(OCoLC)ocm46995805 | ||
| 040 |
_aJJG _cJJG _dSLC _dDLC |
||
| 042 | _alccopycat | ||
| 050 | 0 | 0 |
_aPZ 10 _b.C237g6 2000 |
| 100 | 1 |
_aCapeci, Anne. _95521 |
|
| 245 | 1 | 4 |
_aThe giant germ / _cAnne Capeci. |
| 260 |
_aNew York : _bScholastic Inc., _c2000. |
||
| 300 |
_a76 p. : _bill. ; _c19 cm. |
||
| 490 | 0 |
_aMagic school bus science chapter book ; _v#6 |
|
| 521 | _aG4 | ||
| 526 | _c660 | ||
| 650 | 0 |
_aMicroorganisms _vJuvenile literature. _95522 |
|
| 650 | 0 |
_aLife _xorigin _xScince _xfiction. _95523 |
|
| 655 | 7 |
_aChildren's stories. _2lcsh _93012 |
|
| 700 | 1 |
_aSpeirs, John. _95524 |
|
| 710 | 2 |
_aCopyright Paperback Collection (Library of Congress) _5DLC _9705 |
|
| 830 |
_athe giant germ _95525 |
||
| 830 |
_ainsect invaders _95526 |
||
| 906 |
_a7 _bcbc _ccopycat _d2 _encip _f20 _gy-genrareb |
||
| 942 |
_2lcc _cBK |
||
| 999 |
_c34510 _d34510 |
||